00310nam a2200133Ia 4500100002000000650002300020366000700043654002300050245002900073260002700102082001400129300000800143546002500151 aSchwalbe/Kathy  aProject Management f25 aproject management aProject management in IT bCengage Learningc2007 a5.15bSCH a457 aENGLISHcelectronics